Países que han ganado medalla de oro en tenis en juegos olimpicos - Estadísticas

Estadísticas generales
  • Esta prueba ha sido intentada 97 veces
  • La puntuación promedio es 14 de 19
Estadísticas de respuestas
Oro Plata Bronce País % Correcto
21 7 13 Estados Unidos
99%
2 8 5 España
98%
4 6 3 Alemania
91%
5 6 8 Francia
91%
17 14 12 Reino Unido
91%
1 0 2 Italia
90%
1 0 1 Serbia
90%
4 5 4 Rusia
88%
3 3 0 Suiza
88%
2 1 5 Australia
84%
1 0 1 Canadá
84%
2 1 1 China
82%
1 0 1 Bélgica
68%
2 1 1 Chile
64%
3 4 7 República Checa
64%
1 2 3 Croacia
61%
1 0 1 Bielorrusia
27%
3 2 1 Sudáfrica
27%
1 2 3 Equipo Mixto
6%
No se encontraron pruebas coincidentes
Distribución de puntuación
Porcentaje de gente con cada puntuación
Porcentaje por número respondido
Historial de tus puntuaciones
No has intentado esta prueba.